00402nam a2200145Ia 4500003000400000020001800004082001300022100002100035245002500056250001800081260006400099300001000163650002100173653006200194SGT a9780070701137 a5.1bPRE aPressman,Roger S aSoftware engineering a6th,7th . Ed. bTata McGraw Hill Education Private LimitedaNew Delhic2010 a912p. aCOMPUTER SCIENCE aTHE SOFTWARE PROCESS, APPLYING WEB ENGINEERING ,MANAGING